[Event "2.BLS 1718 OSG Baden Baden - SV Grieshe"]
[Site "?"]
[Date "2017.10.23"]
[Round "1.1"]
[White "Bulski, Krzysztof"]
[Black "Gledura, Benjamin"]
[Result "1/2-1/2"]
[WhiteElo "2536"]
[BlackElo "2600"]
[PlyCount "90"]
[EventDate "2017.??.??"]

1. e4 e5 2. Nf3 Nc6 3. Bb5 a6 4. Ba4 Nf6 5. O-O Be7 6. Re1 b5 7. Bb3 d6 8. c3
O-O 9. d4 Bg4 10. Be3 exd4 11. cxd4 Na5 12. Bc2 c5 13. dxc5 Nc4 14. Nbd2 Nxe3
15. Rxe3 dxc5 16. h3 Bh5 17. Nf1 c4 18. Ng3 Bc5 19. Nxh5 Nxh5 20. Qxd8 Raxd8
21. Ree1 Nf4 22. Rad1 Bb4 23. Rf1 c3 24. b3 Ne2+ 25. Kh2 Ba3 26. g3 g6 27. Kg2
Bb2 28. a4 bxa4 29. bxa4 Ba3 30. Rfe1 Rxd1 31. Rxd1 Rb8 32. Re1 Nc1 33. Ne5 Na2
34. Nd3 Nb4 35. Nxb4 Rxb4 36. Rb1 Rb2 37. Rxb2 cxb2 38. f4 f6 39. Kf3 Kf7 40.
Ke3 Bc5+ 41. Kd3 Bf2 42. g4 Bg3 43. Bb3+ Kg7 44. Kc2 Bxf4 45. Kxb2 a5 1/2-1/2

[Event "2.BLS 1718 OSG Baden Baden - SV Grieshe"]
[Site "?"]
[Date "2017.10.23"]
[Round "1.2"]
[White "Gozzoli, Yannick"]
[Black "Tazbir, Marcin"]
[Result "1/2-1/2"]
[WhiteElo "2569"]
[BlackElo "2513"]
[PlyCount "139"]
[EventDate "2017.??.??"]

1. d4 Nf6 2. Nf3 d5 3. c4 e6 4. Nc3 Bb4 5. Bg5 h6 6. Bxf6 Qxf6 7. Qa4+ Nc6 8.
e3 O-O 9. Rc1 dxc4 10. Bxc4 a6 11. O-O Bd7 12. Qc2 Bd6 13. Rfd1 Rfe8 14. Be2
Rac8 15. Ne4 Qe7 16. Nc5 Bxc5 17. Qxc5 Qxc5 18. Rxc5 Kf8 19. a3 Ne7 20. Rdc1 c6
21. Ne5 Red8 22. R5c2 Be8 23. Nd3 Nd5 24. Nc5 Rb8 25. b4 Ke7 26. Bg4 Nf6 27.
Bh3 Nd7 28. f4 Nxc5 29. Rxc5 Rd5 30. g3 Rxc5 31. Rxc5 f6 32. Kf2 Kd6 33. e4 Ke7
34. e5 f5 35. Bg2 Bd7 36. Rc1 Ra8 37. Rc5 Rg8 38. Bf3 g6 39. Rc1 Ra8 40. Rc5
Rg8 41. Be2 Ra8 42. Ke3 Kd8 43. Bf3 Ke7 44. a4 Kd8 45. a5 Ke7 46. Rc1 h5 47. h3
Rh8 48. Rh1 Be8 49. g4 hxg4 50. hxg4 Rxh1 51. Bxh1 Bd7 52. Kf2 Kf8 53. Kg3 Kg7
54. Kh4 Kh6 55. Bf3 Be8 56. Be2 Bd7 57. Kg3 Kg7 58. Kf3 Kf8 59. Ke3 Ke7 60. Kd3
Be8 61. Kc4 Kd8 62. Kc5 Kc7 63. Bd1 Bf7 64. gxf5 gxf5 65. Bb3 Bg8 66. Kc4 Bf7
67. Kd3 Kd7 68. Ke3 Ke7 69. Kf2 Bh5 70. Bc2 1/2-1/2

[Event "2.BLS 1718 OSG Baden Baden - SV Grieshe"]
[Site "?"]
[Date "2017.10.23"]
[Round "1.3"]
[White "Jarmula, Lukasz"]
[Black "Halkias, Stelios"]
[Result "1/2-1/2"]
[WhiteElo "2467"]
[BlackElo "2583"]
[PlyCount "82"]
[EventDate "2017.??.??"]

1. e4 e5 2. Nf3 Nc6 3. Bb5 a6 4. Ba4 Nf6 5. O-O Be7 6. Re1 b5 7. Bb3 d6 8. c3
O-O 9. h3 Nb8 10. d4 Nbd7 11. Nbd2 Bb7 12. Bc2 Re8 13. Nf1 Bf8 14. Ng3 g6 15.
Bg5 h6 16. Bd2 Bg7 17. Qc1 Kh7 18. a4 Nb6 19. axb5 axb5 20. Rxa8 Qxa8 21. dxe5
dxe5 22. b3 Nc8 23. Be3 Nxe4 24. Nxe4 Bxe4 25. Bxe4 Qxe4 26. Bxh6 Bxh6 27.
Qxh6+ Kxh6 28. Rxe4 f6 29. g4 Nd6 30. g5+ Kg7 31. gxf6+ Kxf6 32. Re1 e4 33. Nd2
Kg5 34. Re3 Kf5 35. f3 exf3 36. Rxf3+ Kg5 37. Rg3+ Kh5 38. Rd3 Re1+ 39. Kf2 Rd1
40. Ke2 Rh1 41. Rd5+ Kh6 1/2-1/2

[Event "2.BLS 1718 OSG Baden Baden - SV Grieshe"]
[Site "?"]
[Date "2017.10.23"]
[Round "1.4"]
[White "Bellahcene, Bilel"]
[Black "Walter, Stefan"]
[Result "1-0"]
[WhiteElo "2507"]
[BlackElo "2404"]
[PlyCount "128"]
[EventDate "2017.??.??"]

1. e4 e5 2. Nf3 Nc6 3. Bb5 a6 4. Ba4 Nf6 5. O-O Be7 6. d3 b5 7. Bb3 d6 8. a3
O-O 9. Nc3 Bg4 10. Be3 Nd4 11. Bxd4 exd4 12. Nd5 Nxd5 13. Bxd5 Rc8 14. Bc6 Bf6
15. a4 Rb8 16. h3 Be6 17. axb5 axb5 18. Qd2 Rb6 19. Bd5 Qd7 20. Ra7 Bxd5 21.
exd5 Qf5 22. Rxc7 Qxd5 23. Re1 Rc6 24. Rxc6 Qxc6 25. Re2 Qc5 26. Qf4 h6 27. g4
Ra8 28. h4 Ra1+ 29. Kg2 Qc6 30. Qe4 Qxe4 31. Rxe4 Ra2 32. g5 hxg5 33. hxg5 Be5
34. Nxe5 dxe5 35. Rxe5 Rxb2 36. Rc5 Kh7 37. Kf3 Kg6 38. Ke4 Rb4 39. f4 f6 40.
Rc6 Ra4 41. gxf6 gxf6 42. f5+ Kg5 43. Rc8 Ra2 44. Rg8+ Kh5 45. Kf4 Kh6 46. Rg6+
Kh7 47. Rxf6 Rxc2 48. Ke4 Kg7 49. Rb6 Rc5 50. Rd6 Rc7 51. Kxd4 Rb7 52. Kc3 b4+
53. Kb3 Rb5 54. Re6 Kf7 55. Re4 Kf6 56. Rf4 Rb8 57. d4 Rb7 58. Rf3 Rb8 59. Kc4
Rb7 60. d5 Rb8 61. d6 Rb7 62. Rb3 Ke5 63. Kc5 Rb8 64. d7 Kf6 1-0

[Event "2.BLS 1718 OSG Baden Baden - SV Grieshe"]
[Site "?"]
[Date "2017.10.23"]
[Round "1.5"]
[White "Baskin, Robert"]
[Black "Riff, Jean-Noel"]
[Result "0-1"]
[WhiteElo "2311"]
[BlackElo "2508"]
[PlyCount "78"]
[EventDate "2017.??.??"]

1. d4 Nf6 2. c4 e6 3. Nc3 Bb4 4. Qc2 d6 5. Nf3 Nbd7 6. Bd2 e5 7. a3 Bxc3 8.
Bxc3 Qe7 9. e3 O-O 10. Be2 Re8 11. dxe5 dxe5 12. b4 b6 13. Nd2 Bb7 14. O-O Qd6
15. Rfd1 Nf8 16. f3 Ng6 17. e4 Nf4 18. Bf1 h5 19. g3 Ng6 20. h4 Nd7 21. Kh2
Ndf8 22. Qd3 Rad8 23. Qe3 Bc8 24. Nb3 Qf6 25. Be1 Ne6 26. Be2 Nd4 27. Nxd4 exd4
28. Qg5 Qxg5 29. hxg5 Ne5 30. Kg2 Be6 31. c5 d3 32. Bf1 Bb3 33. Rd2 Bc2 34. Rc1
Nc4 35. Rdxc2 Ne3+ 36. Kf2 Nxc2 37. Bd2 Nxa3 38. cxb6 cxb6 39. Rc7 Nb1 0-1

[Event "2.BLS 1718 OSG Baden Baden - SV Grieshe"]
[Site "?"]
[Date "2017.10.23"]
[Round "1.6"]
[White "Burri, Quentin"]
[Black "Keller, Peter"]
[Result "1-0"]
[WhiteElo "2393"]
[BlackElo "2201"]
[PlyCount "117"]
[EventDate "2017.??.??"]

1. e4 e5 2. Nf3 Nc6 3. Bb5 Nf6 4. O-O Nxe4 5. Re1 Nd6 6. Nxe5 Be7 7. Bf1 Nxe5
8. Rxe5 O-O 9. Nc3 Ne8 10. Nd5 Bd6 11. Re1 c6 12. Ne3 Be7 13. Nf5 Bf6 14. Qe2
d5 15. Ne7+ Kh8 16. Nxc8 Rxc8 17. c3 Nd6 18. d3 Re8 19. Qd2 Rxe1 20. Qxe1 Bg5
21. f4 Bf6 22. g3 Qd7 23. Bg2 Re8 24. Qf2 Qf5 25. Bf1 d4 26. c4 g6 27. Bd2 Kg7
28. Re1 Rxe1 29. Qxe1 h5 30. Qe2 Qd7 31. Bg2 Nf5 32. Bh3 Qe7 33. Qxe7 Nxe7 34.
Kf2 Kf8 35. Bd7 Ng8 36. Bc8 b6 37. Bb7 c5 38. h3 Ke7 39. Bc6 Bg7 40. b4 f5 41.
bxc5 bxc5 42. Ba5 Kd6 43. Be8 Ne7 44. a3 Bf6 45. Kf3 Nc6 46. Be1 Ne7 47. g4
hxg4+ 48. hxg4 g5 49. fxg5 Bxg5 50. gxf5 Nxf5 51. Kg4 Ng7 52. Bg3+ Ke7 53. Bb5
Bc1 54. a4 a5 55. Be1 Ne6 56. Kf3 Kd6 57. Bxa5 Bb2 58. Bb6 Nc7 59. a5 1-0

[Event "2.BLS 1718 OSG Baden Baden - SV Grieshe"]
[Site "?"]
[Date "2017.10.23"]
[Round "1.7"]
[White "Nothnagel, Marian Can"]
[Black "Schmaltz, Roland"]
[Result "1-0"]
[WhiteElo "2178"]
[BlackElo "2489"]
[PlyCount "109"]
[EventDate "2017.??.??"]

1. e4 g6 2. d4 c6 3. Nd2 Bg7 4. c3 d6 5. Ngf3 Nf6 6. Bd3 O-O 7. O-O Qc7 8. b3
Nbd7 9. Re1 e5 10. Bb2 b6 11. Rc1 Bb7 12. c4 exd4 13. Bxd4 Rfe8 14. Qc2 Rad8
15. Bf1 Ne5 16. Bxe5 dxe5 17. c5 b5 18. a4 a6 19. b4 Bc8 20. Ra1 Nd7 21. axb5
axb5 22. Ra3 Nf8 23. Rea1 Re7 24. h3 Ne6 25. Nb3 h5 26. Ra8 Bf6 27. Rd1 Nd4 28.
Nfxd4 exd4 29. Bd3 Be5 30. Na5 Re6 31. Qe2 Kg7 32. Nb3 Qe7 33. Rda1 Qg5 34. Nd2
Bf4 35. Nf3 Qf6 36. g3 Bc7 37. R1a7 Re7 38. e5 Qe6 39. Ng5 Qd5 40. f4 Bd7 41.
Rxd8 Bxd8 42. Ra8 Re8 43. Ne4 Qe6 44. Nd6 Rf8 45. f5 Qd5 46. Ra7 Bxf5 47. Bxf5
gxf5 48. Qxh5 Qxe5 49. Nxf5+ Kf6 50. Ra1 Rg8 51. Rf1 Ke6 52. Rf2 Rg5 53. Nxd4+
Qxd4 54. Qxf7+ Ke5 55. Qe8+ 1-0

[Event "2.BLS 1718 OSG Baden Baden - SV Grieshe"]
[Site "?"]
[Date "2017.10.23"]
[Round "1.8"]
[White "Mutschnik, Illya"]
[Black "de Visser, Leon"]
[Result "1/2-1/2"]
[WhiteElo "2431"]
[BlackElo "2199"]
[PlyCount "85"]
[EventDate "2017.??.??"]

1. e4 c6 2. d4 d5 3. exd5 cxd5 4. c4 Nf6 5. Nc3 Nc6 6. Nf3 Bg4 7. cxd5 Nxd5 8.
Qb3 Bxf3 9. gxf3 e6 10. Qxb7 Nxd4 11. Bb5+ Nxb5 12. Qc6+ Ke7 13. Qxb5 Qd7 14.
Nxd5+ Qxd5 15. Qxd5 exd5 16. Bg5+ f6 17. Be3 Ke6 18. O-O-O Bb4 19. a3 Rhc8+ 20.
Kb1 Bc5 21. Rd3 Bxe3 22. fxe3 a5 23. b3 a4 24. b4 Rc4 25. Rc1 Rac8 26. Rxc4
Rxc4 27. Kb2 Kd6 28. Rd2 Kc6 29. Rc2 Kb5 30. Rd2 Kc6 31. Rc2 Kb5 32. Rxc4 Kxc4
33. Kc2 g5 34. Kd2 f5 35. Ke2 h5 36. Kf2 h4 37. h3 f4 38. exf4 gxf4 39. Ke2 Kd4
40. Kd2 Kc4 41. Kc2 Kd4 42. Kd2 Kc4 43. Kc2 1/2-1/2

[Event "2.BLS 1718 SC Emmendingen - SC Heusenst"]
[Site "?"]
[Date "2017.10.23"]
[Round "1.1"]
[White "Sadzikowski, Daniel"]
[Black "Rausis, Igors"]
[Result "1/2-1/2"]
[WhiteElo "2590"]
[BlackElo "2632"]
[PlyCount "35"]
[EventDate "2017.??.??"]

1. e4 c6 2. Nc3 d5 3. Nf3 Nf6 4. e5 Ne4 5. Ne2 Qb6 6. d4 c5 7. dxc5 Qxc5 8.
Ned4 Nc6 9. Be2 Bg4 10. O-O Nxd4 11. Nxd4 Bxe2 12. Nxe2 e6 13. Be3 Qc4 14. b3
Qc7 15. c4 Rd8 16. cxd5 Qxe5 17. Qc2 Bd6 18. f4 1/2-1/2

[Event "2.BLS 1718 SC Emmendingen - SC Heusenst"]
[Site "?"]
[Date "2017.10.23"]
[Round "1.2"]
[White "Hera, Imre"]
[Black "Khenkin, Igor"]
[Result "1/2-1/2"]
[WhiteElo "2619"]
[BlackElo "2551"]
[PlyCount "21"]
[EventDate "2017.??.??"]

1. e4 c6 2. Nc3 d5 3. Nf3 Bg4 4. h3 Bxf3 5. Qxf3 e6 6. d3 Nf6 7. Bd2 Qb6 8.
O-O-O d4 9. Ne2 c5 10. g4 Nc6 11. Kb1 1/2-1/2

[Event "2.BLS 1718 SC Emmendingen - SC Heusenst"]
[Site "?"]
[Date "2017.10.23"]
[Round "1.3"]
[White "Wieczorek, Oskar"]
[Black "Baklan, Vladimir"]
[Result "0-1"]
[WhiteElo "2455"]
[BlackElo "2600"]
[PlyCount "74"]
[EventDate "2017.??.??"]

1. e4 e6 2. d4 d5 3. Nc3 Nf6 4. e5 Nfd7 5. f4 c5 6. Nce2 Nc6 7. c3 b5 8. Nf3 b4
9. Be3 Qa5 10. Qd2 Rb8 11. cxb4 Qxb4 12. b3 Ba6 13. Rc1 Qxd2+ 14. Bxd2 c4 15.
f5 Ba3 16. Rc2 Nb4 17. Bxb4 Bxb4+ 18. Kf2 cxb3 19. axb3 Bd3 20. Rc7 Bxf5 21.
Rxa7 Ke7 22. Nc1 Ra8 23. Rxa8 Rxa8 24. Bd3 Be4 25. Ke3 Ra1 26. Rg1 f6 27. exf6+
Nxf6 28. Bxe4 dxe4 29. Ne5 Ba3 30. Ne2 Ra2 31. Nc3 Nd5+ 32. Nxd5+ exd5 33. h4
Rc2 34. Kf4 Bc1+ 35. Kg3 Ke6 36. Rd1 Rc3+ 37. Kg4 Be3 0-1

[Event "2.BLS 1718 SC Emmendingen - SC Heusenst"]
[Site "?"]
[Date "2017.10.23"]
[Round "1.4"]
[White "Shevchenko, Kirill"]
[Black "Poetsch, Hagen"]
[Result "0-1"]
[WhiteElo "2531"]
[BlackElo "2483"]
[PlyCount "102"]
[EventDate "2017.??.??"]

1. e4 e6 2. d4 d5 3. Nd2 c5 4. Ngf3 cxd4 5. exd5 Qxd5 6. Bc4 Qd8 7. O-O Nc6 8.
Nb3 a6 9. Nbxd4 Nxd4 10. Nxd4 Bd6 11. h3 Ne7 12. Qh5 O-O 13. Re1 Qc7 14. Bd3 g6
15. Qh4 Nd5 16. Bg5 Bh2+ 17. Kh1 Bf4 18. Be4 Bxg5 19. Qxg5 f6 20. Qd2 Rd8 21.
Rad1 e5 22. Nb5 axb5 23. Bxd5+ Kg7 24. Qb4 Bf5 25. Bb3 Qb6 26. Kg1 Kh6 27. Qe7
Re8 28. Qd6 Qxd6 29. Rxd6 Ra6 30. Red1 Rc8 31. c3 Kg5 32. a3 Rxd6 33. Rxd6 Rc6
34. Rd8 h5 35. Kf1 Rc8 36. Rd6 Rc6 37. Rd2 h4 38. Ke2 Kf4 39. Rd8 Rc8 40. Rxc8
Bxc8 41. Bf7 Bf5 42. Be8 Be4 43. f3 Bc2 44. Bxb5 Kg3 45. Kf1 e4 46. Bd7 Bd3+
47. Ke1 e3 48. a4 Kxg2 49. Bc8 f5 50. Bxb7 Kxh3 51. a5 Kg3 0-1

[Event "2.BLS 1718 SC Emmendingen - SC Heusenst"]
[Site "?"]
[Date "2017.10.23"]
[Round "1.5"]
[White "Krejci, Jan"]
[Black "Korpa, Bence"]
[Result "1-0"]
[WhiteElo "2551"]
[BlackElo "2482"]
[PlyCount "129"]
[EventDate "2017.??.??"]

1. d4 Nf6 2. c4 e6 3. Nc3 Bb4 4. e3 O-O 5. Bd3 d5 6. Nf3 c5 7. O-O cxd4 8. exd4
dxc4 9. Bxc4 b6 10. Qe2 Bb7 11. Rd1 Nbd7 12. d5 exd5 13. Nxd5 Re8 14. Be3 Nxd5
15. Bxd5 Bxd5 16. Rxd5 Qe7 17. Qb5 Nf6 18. Re5 Qf8 19. Bd4 Rad8 20. Rxe8 Nxe8
21. Rc1 Be7 22. g3 Bd6 23. Qa4 Bb8 24. Be5 Bxe5 25. Nxe5 Qd6 26. Re1 Nc7 27.
Qxa7 Re8 28. Nf3 Rxe1+ 29. Nxe1 h6 30. Qb8+ Kh7 31. Nf3 Qc6 32. Ne5 Qc1+ 33.
Kg2 Qc5 34. Nf3 Qc6 35. Qf8 f6 36. Qc8 b5 37. Qf5+ Kh8 38. h4 Ne6 39. Kh2 Qb6
40. Kg1 Qc6 41. h5 Ng5 42. Nxg5 hxg5 43. Kh2 Qb6 44. a3 Qc6 45. b3 Kg8 46. Qg4
Qc5 47. Qe6+ Kf8 48. Kg2 Qxa3 49. Qc8+ Kf7 50. Qd7+ Qe7 51. Qxb5 Qe4+ 52. Kg1
g4 53. Qc4+ Qxc4 54. bxc4 Ke6 55. Kf1 Ke5 56. Ke2 Kd4 57. c5 Kxc5 58. Ke3 Kd6
59. Kf4 Ke6 60. Kxg4 Ke5 61. f3 Ke6 62. Kf4 Ke7 63. Kf5 Kf7 64. g4 Kf8 65. Kg6
1-0

[Event "2.BLS 1718 SC Emmendingen - SC Heusenst"]
[Site "?"]
[Date "2017.10.23"]
[Round "1.6"]
[White "Sokolov, Andrei"]
[Black "Klekowski, Maciej"]
[Result "1/2-1/2"]
[WhiteElo "2496"]
[BlackElo "2484"]
[PlyCount "66"]
[EventDate "2017.??.??"]

1. e4 c5 2. Nf3 Nc6 3. d4 cxd4 4. Nxd4 Nf6 5. Nc3 e5 6. Ndb5 d6 7. Bg5 a6 8.
Na3 b5 9. Nd5 Be7 10. Bxf6 Bxf6 11. c4 b4 12. Nc2 Rb8 13. Be2 O-O 14. O-O Bg5
15. Qd3 Be6 16. Rfd1 a5 17. b3 g6 18. Nde3 Qb6 19. Bg4 Rbd8 20. h3 h5 21. Bxe6
fxe6 22. Rf1 Rd7 23. Rad1 Qc5 24. g3 Kh7 25. Ng2 Bd8 26. Rd2 g5 27. Qe3 Qxe3
28. fxe3 Rxf1+ 29. Kxf1 Bb6 30. Nge1 Kg6 31. Nd3 Rf7+ 32. Rf2 Rc7 33. Rf8 Rf7+
1/2-1/2

[Event "2.BLS 1718 SC Emmendingen - SC Heusenst"]
[Site "?"]
[Date "2017.10.23"]
[Round "1.7"]
[White "Weichhold, Pawel"]
[Black "Cvitan, Ognjen"]
[Result "0-1"]
[WhiteElo "2424"]
[BlackElo "2478"]
[PlyCount "50"]
[EventDate "2017.??.??"]

1. e4 c5 2. Nf3 d6 3. d4 cxd4 4. Nxd4 Nf6 5. Nc3 g6 6. Be3 Bg7 7. f3 Nc6 8. Qd2
O-O 9. Bc4 Bd7 10. h4 Rc8 11. Bb3 h5 12. O-O-O Ne5 13. Bg5 Rc5 14. Kb1 Re8 15.
g4 hxg4 16. h5 Nxh5 17. Nd5 a5 18. Nf4 a4 19. Nxh5 gxh5 20. Bd5 Rxd5 21. exd5
Qb6 22. Be3 Nxf3 23. Qf2 Bf5 24. Ka1 a3 25. b3 Qb4 0-1

[Event "2.BLS 1718 SC Emmendingen - SC Heusenst"]
[Site "?"]
[Date "2017.10.23"]
[Round "1.8"]
[White "Bauer, Andreas"]
[Black "Barski, Radoslaw"]
[Result "1-0"]
[WhiteElo "2250"]
[BlackElo "2443"]
[PlyCount "99"]
[EventDate "2017.??.??"]

1. d4 Nf6 2. Nf3 g6 3. Bf4 Bg7 4. e3 O-O 5. h3 d6 6. Be2 b6 7. O-O Bb7 8. c4
Nbd7 9. Nc3 Re8 10. Bh2 e5 11. Rc1 a6 12. Re1 Qe7 13. b4 Rad8 14. a4 exd4 15.
exd4 Bh6 16. Ra1 Bxf3 17. gxf3 Qe6 18. Kg2 Qf5 19. Ne4 Nxe4 20. fxe4 Qxe4+ 21.
Bf3 Qxe1 22. Qxe1 Rxe1 23. Rxe1 Bd2 24. Rb1 a5 25. bxa5 Bxa5 26. Bf4 Kg7 27.
Rb5 Bc3 28. Be3 c5 29. dxc5 dxc5 30. Bf4 Ne5 31. Bd5 Rd6 32. a5 bxa5 33. Rxc5
Kf6 34. Rc7 g5 35. Be3 Ra6 36. Bb7 Re6 37. Bd5 Ra6 38. Bb7 Re6 39. Bd5 Re7 40.
Bxg5+ Kxg5 41. Rxe7 Nd3 42. Rxf7 a4 43. Ra7 Nxf2 44. Rxa4 Nd3 45. Ra3 Nf4+ 46.
Kf3 Be5 47. Ke4 Bd6 48. Rg3+ Kh6 49. Rf3 Ng6 50. Bf7 1-0

[Event "2.BLS 1718 SC Eppingen - SC Viernheim"]
[Site "?"]
[Date "2017.10.23"]
[Round "1.1"]
[White "Amin, Bassem"]
[Black "Noe, Christopher"]
[Result "1-0"]
[WhiteElo "2698"]
[BlackElo "2471"]
[PlyCount "71"]
[EventDate "2017.??.??"]

1. e4 e5 2. Nf3 Nc6 3. Bc4 Bc5 4. O-O Nf6 5. d3 d6 6. c3 O-O 7. Re1 a6 8. Bb3
Re8 9. Bg5 h6 10. Bh4 g5 11. Bg3 Ba7 12. Nbd2 Bg4 13. Nf1 Qd7 14. Ne3 Be6 15.
Bc2 Ng4 16. d4 exd4 17. cxd4 Nxe3 18. fxe3 Bg4 19. Rc1 Bh5 20. d5 Nb4 21. Bb1
f5 22. Ne5 Rxe5 23. Qxh5 f4 24. Qg6+ Qg7 25. Qxg7+ Kxg7 26. Bf2 Rf8 27. a3 Nxd5
28. exd5 fxe3 29. Bg3 Rxd5 30. Rxc7+ Kh8 31. Rh7+ Kg8 32. Rxb7 Bd4 33. h4 gxh4
34. Ba2 e2+ 35. Kh2 hxg3+ 36. Kh3 1-0

[Event "2.BLS 1718 SC Eppingen - SC Viernheim"]
[Site "?"]
[Date "2017.10.23"]
[Round "1.2"]
[White "Mesaros, Florian"]
[Black "Smirin, Ilia"]
[Result "1-0"]
[WhiteElo "2409"]
[BlackElo "2635"]
[PlyCount "91"]
[EventDate "2017.??.??"]

1. Nf3 c5 2. c4 Nc6 3. Nc3 g6 4. e3 Bg7 5. d4 d6 6. d5 Ne5 7. Nxe5 Bxe5 8. Bd3
Bg7 9. Qc2 Nf6 10. O-O O-O 11. e4 e6 12. dxe6 fxe6 13. Bg5 h6 14. Bd2 Ng4 15.
h3 Ne5 16. Rad1 g5 17. Be2 Ng6 18. Be3 Qe7 19. g3 Nf4 20. Bg4 h5 21. Bxf4 gxf4
22. Bxh5 fxg3 23. fxg3 Bd7 24. Bg4 Be5 25. Ne2 Bc6 26. Nf4 Rf6 27. Qe2 Raf8 28.
Bxe6+ Rxe6 29. Qg4+ Kh8 30. Nxe6 Rg8 31. Qh5+ Qh7 32. Qxh7+ Kxh7 33. g4 Bxe4
34. Rfe1 Bc6 35. Nxc5 Rf8 36. Nxb7 Rf3 37. Nxd6 Rg3+ 38. Kf2 Rf3+ 39. Kg1 Rg3+
40. Kf2 Rf3+ 41. Ke2 Rxh3 42. Rf1 Bxb2 43. Rd3 Rh2+ 44. Rf2 Rh1 45. Nf5 Be4 46.
Rd7+ 1-0

[Event "2.BLS 1718 SC Eppingen - SC Viernheim"]
[Site "?"]
[Date "2017.10.23"]
[Round "1.3"]
[White "Kovalenko, Igor"]
[Black "Medvegy, Zoltan"]
[Result "1-0"]
[WhiteElo "2630"]
[BlackElo "2550"]
[PlyCount "111"]
[EventDate "2017.??.??"]

1. e4 e6 2. d4 d5 3. Nc3 dxe4 4. Nxe4 Bd7 5. Nf3 Bc6 6. Bd3 Nd7 7. Ned2 Ngf6 8.
O-O Be7 9. Nc4 Be4 10. Bxe4 Nxe4 11. Na5 Rb8 12. d5 Ndc5 13. dxe6 Nxe6 14.
Qxd8+ Bxd8 15. Re1 Nd6 16. Bf4 Be7 17. Be5 O-O 18. Rad1 Rfe8 19. g4 f6 20. Bg3
Kf7 21. Rd5 Bf8 22. Kf1 Nd8 23. Red1 b6 24. Bxd6 Bxd6 25. Nc4 Nb7 26. Nd4 Bxh2
27. Rd7+ Kf8 28. Nf5 Rbd8 29. Kg2 Be5 30. Nxg7 Rxd7 31. Rxd7 Nc5 32. Nxe8 Nxd7
33. Nxe5 Kxe8 34. Nc6 a5 35. Kf3 Nc5 36. Nd4 Na4 37. b3 Nc3 38. a3 c5 39. Nf5
Kd7 40. Ke3 b5 41. Kd3 Nd5 42. Ng3 Kd6 43. c4 bxc4+ 44. Kxc4 Kc6 45. Ne4 Nb6+
46. Kd3 Nd5 47. a4 f5 48. gxf5 h5 49. f6 Nf4+ 50. Ke3 Ng6 51. f7 Kd5 52. Nf6+
Ke6 53. Nxh5 Kxf7 54. Nf4 Ne5 55. Ke4 Kf6 56. Nd3 1-0

[Event "2.BLS 1718 SC Eppingen - SC Viernheim"]
[Site "?"]
[Date "2017.10.23"]
[Round "1.4"]
[White "Hacker, Jonas"]
[Black "Anton Guijarro, David"]
[Result "1/2-1/2"]
[WhiteElo "2297"]
[BlackElo "2651"]
[PlyCount "117"]
[EventDate "2017.??.??"]

1. e4 e5 2. Nf3 Nc6 3. Bb5 a6 4. Ba4 Nf6 5. O-O Be7 6. Re1 b5 7. Bb3 d6 8. c3
O-O 9. h3 Nb8 10. d4 Nbd7 11. Nbd2 c5 12. Nf1 Re8 13. Ng3 Bf8 14. d5 c4 15. Bc2
Qc7 16. Bd2 Nb6 17. b4 cxb3 18. axb3 Nfd7 19. Qe2 Nc5 20. Reb1 Bd7 21. Ng5 h6
22. Nf3 Rec8 23. Nh2 Qd8 24. Ng4 Qh4 25. Qf3 g6 26. Nf6+ Kg7 27. b4 Nb7 28. Be3
Be7 29. Nfh5+ gxh5 30. Bxb6 Qg5 31. Nxh5+ Kh8 32. Ng3 Rg8 33. Qxf7 Raf8 34. Qh5
Qxh5 35. Nxh5 Bh4 36. g3 Bxh3 37. Kh2 Bg4 38. Bd1 Bxd1 39. Rxd1 Rg5 40. gxh4
Rxh5 41. Be3 Rxh4+ 42. Kg3 Rxe4 43. Rxa6 h5 44. Rb6 Rf7 45. Ra1 Kg7 46. Ra8
Rg4+ 47. Kh3 Kf6 48. Rb8 Rgg7 49. Bh6 Rh7 50. Rf8 Kg6 51. Rxf7 Rxf7 52. Be3 Kf5
53. Rxb5 Ke4 54. c4 Kd3 55. c5 Kc4 56. Rb6 dxc5 57. bxc5 Kxd5 58. Rh6 Nxc5 59.
Bxc5 1/2-1/2

[Event "2.BLS 1718 SC Eppingen - SC Viernheim"]
[Site "?"]
[Date "2017.10.23"]
[Round "1.5"]
[White "Fedorchuk, Sergey"]
[Black "Bilchinski, Anton"]
[Result "1-0"]
[WhiteElo "2640"]
[BlackElo "2309"]
[PlyCount "79"]
[EventDate "2017.??.??"]

1. e4 Nf6 2. e5 Nd5 3. d4 d6 4. Nf3 g6 5. Bc4 Nb6 6. Bb3 Bg7 7. Qe2 d5 8. h3
Nc6 9. Bf4 h6 10. Nbd2 g5 11. Be3 Bf5 12. a4 a5 13. g4 Be6 14. Nf1 Qd7 15. Ng3
O-O-O 16. c3 f6 17. exf6 exf6 18. Nd2 Bf8 19. Bc2 Bd6 20. Nf5 Kb8 21. Qf3 Rdf8
22. O-O-O Ne7 23. Nxd6 Qxd6 24. Qe2 Bd7 25. Rde1 Bxa4 26. Bxa4 Nxa4 27. Qb5 Nb6
28. Qxa5 Nc6 29. Qb5 f5 30. gxf5 Rxf5 31. Ne4 Qg6 32. Nc5 Na7 33. Qd3 Qf7 34.
Qd1 Nc4 35. b3 Nxe3 36. fxe3 b6 37. Nd3 Qe7 38. Nb4 Kb7 39. Qd3 Rhf8 40. Qa6+
1-0

[Event "2.BLS 1718 SC Eppingen - SC Viernheim"]
[Site "?"]
[Date "2017.10.23"]
[Round "1.6"]
[White "Gibicar, Danijel"]
[Black "Maze, Sebastien"]
[Result "1/2-1/2"]
[WhiteElo "2267"]
[BlackElo "2614"]
[PlyCount "91"]
[EventDate "2017.??.??"]

1. e4 c5 2. Nf3 Nc6 3. d4 cxd4 4. Nxd4 g6 5. Be2 Bg7 6. Nb3 Nf6 7. Nc3 d6 8.
Be3 a6 9. f4 O-O 10. O-O Be6 11. Nd4 Nxd4 12. Bxd4 Rc8 13. Bf3 Rc4 14. Be2 Rc8
15. Bf3 Qa5 16. Nd5 Bxd5 17. exd5 Nd7 18. Bxg7 Kxg7 19. Qd4+ Kg8 20. c3 Qc5 21.
Rfe1 Rfe8 22. Rac1 Rc7 23. Kh1 Qxd4 24. cxd4 Rec8 25. Rxc7 Rxc7 26. Kg1 Kf8 27.
Kf2 b5 28. Ke3 Nb6 29. b3 h5 30. Kd2 b4 31. Rc1 Rxc1 32. Kxc1 h4 33. Kb2 Kg7
34. a3 a5 35. axb4 axb4 36. Kc2 g5 37. g3 Kg6 38. gxh4 gxh4 39. Be4+ Kf6 40. h3
e6 41. Kd3 e5 42. dxe5+ dxe5 43. Bf3 Kf5 44. Be4+ Kf6 45. Bf3 Kf5 46. Be4+
1/2-1/2

[Event "2.BLS 1718 SC Eppingen - SC Viernheim"]
[Site "?"]
[Date "2017.10.23"]
[Round "1.7"]
[White "Libiszewski, Fabien"]
[Black "Hamid, Emran"]
[Result "1-0"]
[WhiteElo "2537"]
[BlackElo "2171"]
[PlyCount "59"]
[EventDate "2017.??.??"]

1. e4 c5 2. Nf3 Nc6 3. Bb5 g6 4. Bxc6 dxc6 5. d3 Bg7 6. h3 e5 7. Be3 Qe7 8. Nc3
Nf6 9. Qd2 Nd7 10. Bh6 Bxh6 11. Qxh6 f6 12. Nh4 Nf8 13. O-O-O Bd7 14. Rdf1
O-O-O 15. f4 exf4 16. Qxf4 g5 17. Nf5 Bxf5 18. Qxf5+ Nd7 19. Nd1 Kb8 20. Ne3
Rdf8 21. h4 h5 22. Qf2 g4 23. Qg3+ Qe5 24. Qe1 Qd4 25. Nf5 Qa4 26. Kb1 Re8 27.
Qg3+ Ne5 28. Ng7 Re7 29. Rxf6 Ka8 30. Ne6 1-0

[Event "2.BLS 1718 SC Eppingen - SC Viernheim"]
[Site "?"]
[Date "2017.10.23"]
[Round "1.8"]
[White "Reimold, Jonas"]
[Black "Meinhardt, Maximilian"]
[Result "0-1"]
[WhiteElo "2050"]
[BlackElo "2383"]
[PlyCount "94"]
[EventDate "2017.??.??"]

1. e4 e6 2. d4 d5 3. exd5 exd5 4. Bd3 Nc6 5. c3 Bd6 6. Nf3 Nge7 7. Bg5 Bg4 8.
Nbd2 Qd7 9. Qc2 h6 10. Bh4 Qe6+ 11. Kf1 Qd7 12. Bg3 O-O 13. b4 Bf5 14. Nb3 b6
15. Nc1 a5 16. b5 Nd8 17. a4 Rc8 18. Ne5 Bxe5 19. Bxe5 c6 20. Rb1 f6 21. Bg3
Nf7 22. f3 Rfe8 23. Kf2 Bxd3 24. Qxd3 Nf5 25. Bf4 g5 26. Bd2 N7d6 27. h4 cxb5
28. hxg5 hxg5 29. Rh5 Qf7 30. g4 Qg6 31. Ne2 Nh4 32. Qxg6+ Nxg6 33. Rbh1 Nf8
34. Bxg5 fxg5 35. Rxg5+ Kf7 36. Rxd5 Rcd8 37. axb5 Ng6 38. Ng3 Nf4 39. Rg5 Kf6
40. Rgh5 Nxh5 41. Nxh5+ Kf7 42. Nf4 Rh8 43. Rd1 Nc4 44. d5 a4 45. Ne6 Rd7 46.
Kg3 a3 47. Ra1 Rxd5 0-1

[Event "2.BLS 1718 SC Untergrombach - FB Mörle"]
[Site "?"]
[Date "2017.10.23"]
[Round "1.1"]
[White "Kunin, Vitaly"]
[Black "Brunner, Nicolas"]
[Result "1-0"]
[WhiteElo "2531"]
[BlackElo "2464"]
[PlyCount "71"]
[EventDate "2017.??.??"]

1. Nf3 d5 2. g3 Bg4 3. Bg2 Nd7 4. h3 Bh5 5. d4 e6 6. O-O Ngf6 7. c4 c6 8. cxd5
exd5 9. Qb3 Nb6 10. Ne5 Nfd7 11. g4 Bg6 12. Nxg6 hxg6 13. Bf4 Be7 14. Nc3 Nf8
15. e4 dxe4 16. Rad1 Ne6 17. Be3 Nc7 18. Nxe4 Ncd5 19. Nc3 Qd7 20. a4 a5 21.
Ne4 O-O 22. Nc5 Qc7 23. Rfe1 Rfb8 24. Rc1 Bd6 25. Nd3 Re8 26. Bd2 Rxe1+ 27.
Rxe1 Nb4 28. Nxb4 axb4 29. Bxb4 Bxb4 30. Qxb4 Rxa4 31. Re8+ Kh7 32. Qf8 Ra1+
33. Bf1 g5 34. Qh8+ Kg6 35. Qh5+ Kf6 36. Re5 1-0